| 000 | 00563nam a22001817a 4500 | ||
|---|---|---|---|
| 082 | _aP-824 | ||
| 100 |
_aSajjad, Muhammad _951682 |
||
| 245 |
_aComparison of analysis of a continuous beam using estabs & ACI moment coefficient method _bSyn-25 |
||
| 260 |
_aRisalpur, _bMCE, _c2019. |
||
| 300 |
_a25p. _bill. _c30cm. |
||
| 526 |
_a0 _b0 _c0 _dP_824 |
||
| 700 |
_aHabib, Arshad _951683 |
||
| 700 |
_aMalik, Obaid _951684 |
||
| 700 |
_aMujtaba, Abis _951685 |
||
| 700 |
_aSiddique, Dr Muhammad Shahid _951686 |
||
| 700 |
_aWasim, Izzen _951687 |
||
| 942 |
_2ddc _cBK |
||
| 999 |
_c554261 _d554261 |
||